Lead times (Record no. 82511)
[ view plain ]
| 000 -LEADER | |
|---|---|
| fixed length control field | 00811cab a22001935a 4500 |
| 001 - CONTROL NUMBER | |
| control field | L150437 |
| 008 - FIXED-LENGTH DATA ELEMENTS--GENERAL INFORMATION | |
| fixed length control field | 100714e20100205xxkd f 000 0 eng d |
| 035 ## - SYSTEM CONTROL NUMBER | |
| System control number | (Sirsi) u150437 |
| 041 0# - LANGUAGE CODE | |
| Language code of text/sound track or separate title | eng |
| 100 1# - MAIN ENTRY--PERSONAL NAME | |
| Personal name | Moone, Brian |
| 245 00 - TITLE STATEMENT | |
| Title | Lead times |
| Remainder of title | April-June 2010 |
| 260 ## - PUBLICATION, DISTRIBUTION, ETC. | |
| Date of publication, distribution, etc. | 2010 |
| 490 #0 - SERIES STATEMENT | |
| Series statement | Building |
| Volume/sequential designation | 275 (8637) 9 July 2010, 46-47(2) |
| 520 ## - SUMMARY, ETC. | |
| Summary, etc. | An increase in reported enquiries in many trades has not yet been converted to orders, but lead times are already creeping up in structural steel frames, blockwork, specialist joinery and soft floor finishes, compared with only one area last quarter; includes chart of lead time in weeks by product; data captured by Mace Business School. |
| 590 ## - LOCAL NOTE (RLIN) | |
| Local note | KA |
| 651 #4 - SUBJECT ADDED ENTRY--GEOGRAPHIC NAME | |
| Geographic name | United Kingdom |
| Chronological subdivision | |
| 690 ## - LOCAL SUBJECT ADDED ENTRY--TOPICAL TERM (OCLC, RLIN) | |
| Topical term or geographic name as entry element | BUILT ENVIRONMENT-BUILDING ELEMENTS |
| 942 ## - ADDED ENTRY ELEMENTS (KOHA) | |
| Suppress in OPAC | 0 |
| Withdrawn status | Lost status | Source of classification or shelving scheme | Damaged status | Not for loan | Home library | Current library | Shelving location | Date acquired | Total Checkouts | Full call number | Barcode | Date last seen | Copy number | Price effective from | Koha item type |
|---|---|---|---|---|---|---|---|---|---|---|---|---|---|---|---|
| Dewey Decimal Classification | London | London | Journal article | 14/07/2010 | L150437 | 150437-1001 | 06/08/2019 | 1 | 06/08/2019 | Journal article |